01862nam a2200373 uc450000100070000000500170000700800410002403500110006504000130007604100080008908000080009711000560010524500370016126000550019830000330025350500990028650500780038550501270046350500340059050501780062450501140080250500500091650501400096650500310110650500500113750500360118750500250122365000340124865000330128265000190131594200090133499900190134395201260136266728720260506091239.0010529s1895 spa  a667287 ccomduadb aspa aFM/20aBiblioteca Municipal de Guayaquil4auteaut982605610aAnuario de la prensa Ecuatoriana aGuayaquil (Ecuador) :bOficina Tipografica,c1895. a114p. (Documento 1de FM/160)80tReglamento para el rejimen interior y direccion sus trabajos del Concejo Municipal de Medellin80tReglamento para el rejimen interior de la Camara Provincial de Antioquia.80tEl dr. Juan de la Cruz Gomez Plata por la gracia de Dios i de la Santa Sede Apostolica Obispo de la Diocesis de Antioquia.80tLei de 2 de diciembre de 185780tInforme de una comision de la legislatura del Estado Soberano de Antioquia relativo a la cuestion promovidad por la Asamblea Legislativa del Estado Soberano de Cundinamarca.80tPastoral nos, Jose Ignacio Montoya, por la gracia de Dios y de la sAnta Sede Apostolica, Obispo de Medellin.80tEl pueblo del Retiro en la cuestion de calles80tInforme que la directora de la Asociacion del Sagrado Corazon de Jesus de Sonson presenta en la sesion solemne del 22 de junio de 1884.80tMuseo y Biblioteca de Zea.80tContribucion directa monopolio de aguardiente80tColejio de San Mateo de Itagui.80tColejio de Santa Ana aCatálogos colectivos926109 aBibliografia nacional923659 aEcuador924714 cBOOK c200260d200260 001040708PAT. DOCUMaBCbBCd2001-05-29iC683594l0oFM 160p61000003766603r2023-04-23 00:00:00t1w2023-04-23yBOOKI